000 00395nam a2200145 i 4500
001 92910
003 ES-MaACL
007 t|
008 050330s1974 ag ||||1| spa d
100 1 _aLitter, Manuel.
_972574
245 1 0 _aFarmacología general /
_cManuel Litter.
260 _aBuenos Aires :
_bEl Ateneo,
_c1974.
300 _a202 p. :
_bil. ;
_c26 cm.
852 _aES-MaACL
_jE-7683
_bR.92101
999 _c92910
_d92910